000 00695nam a2200205Ia 4500
003 GCL
008 140319s9999 xx 000 0 ara d
020 _a2017503977
040 _aGCL /
_cGCL
082 0 4 _a016.21
_bم د
100 1 _aمصطفى الصاوى الجوينى
245 1 0 _aالدراسات الاسلامية :
_bمنهجا وميادين بحث ومصادر /
_cمصطفى الصاوى الجوينى
260 _aالقاهرة :
_bمنشاة المعارف ،
_c1994
300 _a670 ص ؛
_c24 سم
490 _a
650 0 4 _aالاسلام
650 0 4 _aالببليوجرافيات الموضوعية
650 0 4 _aالببليوجرافيا
942 _2ddc
_cBK
999 _c33450
_d33450